|
|
|
|
| LEADER |
00000naa a2200000uu 4500 |
| 001 |
vtls010870956 |
| 003 |
SK-MaSNL |
| 005 |
20260302144538.0 |
| 008 |
220808|1986 xo |||||||||||||||||slo| |
| 035 |
|
|
|a (urnnbn)urn:nbn:sk:snk:ar-00944o
|
| 035 |
|
|
|a (uuid)1e30f65b-4e87-4880-a9df-c8fcdf7f85db
|
| 035 |
|
|
|a urn:nbn:sk:snk-aaumlw
|
| 040 |
|
|
|a SNKBUCL
|b slo
|c SNKBUCL
|e AACR2
|
| 041 |
0 |
|
|a slo
|
| 044 |
|
|
|a xo
|c SK
|
| 245 |
0 |
0 |
|a Bel, Matej (Belius, pseud. Bujdosó Magyarfi, Meliboeus, Mit Beter, Milovník Bedlivý, Manželúv Bedlivý Ctitel, Milovník Božích Prikázaní, Milovník Božího slova)
|b polyhistor, vlastivedný pracovník, stredoškolský učiteľ (22. 3. 1684 Očová, okr. Zvolen - 29. 8. 1749 Bratislava)
|
| 600 |
1 |
7 |
|a Bel, Matej,
|d 1684-1749
|2 SNKMA
|9 55205
|
| 650 |
0 |
7 |
|a polyhistori
|2 SNKPH
|9 835704
|
| 655 |
|
7 |
|a biografické heslá
|2 SNKPH
|9 368942
|
| 773 |
0 |
|
|t Slovenský biografický slovník : (od roku 833 do roku 1990). I. zväzok, A - D
|d Martin : Matica slovenská, 1986
|g S. 184-[176b]
|
| 954 |
|
|
|a odborná, vedecká literatúra pôvodná (slovenská)
|2 lita
|
| 958 |
|
|
|a OND
|
| 958 |
|
|
|a BX
|
| 958 |
|
|
|a chapter
|
| 958 |
|
|
|a article6
|
| 999 |
|
|
|c 1349813
|d 1351743
|